01929nam a2200373 a 450000100100000000500170001000800410002704000250006808200200009324501150011324600380022825000120026626000480027830000280032649000690035449000250042350000690044850400310051759000260054865000280057465000590060265000250066165000340068670000390072083000760075983000320083591000370086795201320090495201320103695201320116895201170130095201230141799900150154000000503520250311111111.0090729s2000 dr a r 000 0 spa d aDO-SdBNPbspacBNPHU a300bI61c, 200000aIntroducción a las ciencias sociales :btextos guía de consulta /cCeledonio Jiménez Santos... [et al.].13aIC-011:bTexto guía de consulta a2a. ed. aSanto Domingo :bUniversitaria-UASD,c2000. a320 p. :bil. ;c21 cm.1 aPublicaciones de la Universidad Autónoma de Santo Domingov8571 aEstudios socialesv1 aIncluye referencias bibliográficas y notas al pie de páginas aBibliografía: p. 318-320 aInventariado, 2018/VM 0aCiencias sociales91065 4aSociologíaxHistoriaxColecciones de escritos914498 0a Investigación 92 4aInvestigación social91449912aJiménez Santos, Celedonio914500 0aPublicaciones de la Universidad Autónoma de Santo Domingon857914501 0aEstudios Socialesn1914502 aValidado. Control de calidad MFF 001054708DSaGRbGRcHDd2013-03-14iLF1l0o300 I61c, 2000p5035-40r2020-06-25te. 3w2020-06-25yLFDSZPréstamo en sala 001054708DSaGRbGRcHDd2013-04-12iLF1l0o300 I61c, 2000p5035-50r2020-06-25te. 4w2020-06-25yLFDSZPréstamo en sala 001154708DSaGRbGRcMId2013-06-03iLF1l0o300 I61c, 2000p5035-60r2020-06-25te. 5w2020-06-25yLFDSZPréstamo en sala 0010718PDaPDbPDcHDd2009-07-29iLF1l0o300 I61c, 2000p5035-10r2020-06-25w2020-06-25yLFPDZNo se presta 0010718PDaPDbPDcHDd2011-01-18iLF1l0o300 I61c, 2000p5035-20r2020-06-25te. 2w2020-06-25yLFPDZNo se presta c4840d4840